000
00270nam a22001097a 4500
082
_a
920/KUM
100
_a
Kumar,Anurag
_9
81819
245
_a
The Great Indian Social Reformers
260
_a
Gorgaon
_b
Shubhi Pulication
_c
2019
700
_a
Biography
_9
72249
942
_c
BK
999
_c
65983
_d
65983